[Event "Druzynowe Mistrzostwa Polski - I Liga 2018"]
[Site "Pokrzywna"]
[Date "1899-12-30"]
[Round "8.18"]
[White "Markowski, Tomasz"]
[Black "Mroziak, Maciej"]
[Result "1-0"]
[WhiteTitle "GM"]
[BlackTitle "IM"]
[WhiteElo "2546"]
[BlackElo "2386"]

1. c4 Nf6 2. g3 g6 3. Bg2 Bg7 4. Nc3 e5 5. d3 O-O 6. e4 Nc6 7. Nge2 d6 8. O-O Be6
9. h3 Nd7 10. Nd5 Bxd5 11. cxd5 Nd4 12. Nxd4 exd4 13. b4 a5 14. Bd2 axb4 15. Bxb4
Nc5 16. a4 Qd7 17. Bxc5 dxc5 18. Qb3 Ra7 19. f4 f6 20. d6+ Qf7 21. Qxf7+ Kxf7
22. dxc7 Rc8 23. e5 fxe5 24. fxe5+ Ke6 25. Rab1 Rxc7 26. Rb6+ Ke7 27. Bd5 Ke8
28. Bc4 Kd8 29. Rd6+ Ke8 30. Kg2 Ra8 31. h4 Rd8 32. Rb6 Ra8 33. e6 Re7 34. Rf7
Ra7 35. Bb5+ Kd8 36. Rd6+ 1-0

[Event "Druzynowe Mistrzostwa Polski - I Liga 2018"]
[Site "Pokrzywna"]
[Date "1899-12-30"]
[Round "8.19"]
[White "Kolago, Marcin"]
[Black "Jakubowski, Krzysztof"]
[Result "1-0"]
[WhiteTitle "m"]
[BlackTitle "GM"]
[WhiteElo "2356"]
[BlackElo "2508"]

1. c4 c5 2. Nc3 g6 3. g3 Bg7 4. Bg2 Nc6 5. Nf3 e5 6. d3 d6 7. O-O Nge7 8. a3 O-O
9. Rb1 a5 10. Bd2 f5 11. Nb5 h6 12. b4 b6 13. bxa5 bxa5 14. Nc3 Ra7 15. Qb3 g5
16. Qb6 Qd7 17. Qb3 f4 18. Qa4 Ra6 19. Ne1 Qe8 20. Nd5 Nxd5 21. Bxd5+ Kh8 22.
Bc3 Bh3 23. Qb5 Qc8 24. Ng2 Bd7 25. Qb7 Ne7 26. Be4 a4 27. Rb2 Kg8 28. Rfb1 Qxb7
29. Rxb7 Rd8 30. Rc7 Bf8 31. gxf4 gxf4 32. Nh4 Bc6 33. Bxc6 Rxc6 34. Ra7 Kf7 35.
Nf5 Ke6 36. Nxe7 Bxe7 37. Kg2 Rg8+ 38. Kf3 Bf6 39. Bd2 Rg5 40. Rb8 Rh5 41. Ke4
Bg5 42. Re8+ Kf6 43. Ba5 Rxh2 44. Kd5 Rxf2 45. Kxc6 Rxe2 46. Bc7 Kf5 47. Bxd6
Re3 48. Rf7+ Kg6 49. Rff8 Rxd3 50. Bxe5 f3 51. Kxc5 Rxa3 52. Kb4 Re3 53. Kxa4
Kh5 54. c5 Re4+ 55. Kb5 Bf4 56. Rf5+ Kg4 57. Ref8 Bxe5 58. Rxf3 h5 59. R3f7 h4
60. c6 Re2 61. c7 Rb2+ 62. Ka4 Bxc7 63. Rxc7 Rg2 64. Rh7 Kh3 65. Kb3 Rg4 66. Re8
Rg3+ 67. Kc2 Rg4 68. Kd3 Ra4 69. Re4 Rxe4 70. Kxe4 Kg3 71. Ke3 h3 72. Rg7+ Kh2
73. Kf2 Kh1 74. Rg1+ Kh2 75. Rg3 1-0

[Event "Druzynowe Mistrzostwa Polski - I Liga 2018"]
[Site "Pokrzywna"]
[Date "1899-12-30"]
[Round "8.20"]
[White "Krzyzanowski, Marcin"]
[Black "Wiewiora, Eneasz"]
[Result "1-0"]
[WhiteTitle "IM"]
[BlackTitle "FM"]
[WhiteElo "2477"]
[BlackElo "2355"]

1. e4 d6 2. d4 Nf6 3. Nc3 e5 4. Nf3 Nbd7 5. Bc4 Be7 6. a4 O-O 7. O-O c6 8. h3 a5
9. Re1 Nb6 10. Ba2 Nfd7 11. Be3 exd4 12. Nxd4 Nc5 13. Qh5 Nbxa4 14. Nxa4 Nxa4
15. Nf3 Nxb2 16. Ng5 Bxg5 17. Bxg5 Qc7 18. Qh4 Be6 19. Re3 d5 20. Bf6 gxf6 21.
Rg3+ Qxg3 22. Qxg3+ Kh8 23. Qc3 Nc4 24. Qxf6+ Kg8 25. f4 Nd2 26. exd5 Ne4 27.
Qe5 cxd5 28. f5 Bd7 29. Bxd5 Rfe8 30. Qf4 Bc6 31. Bxc6 bxc6 32. Ra4 Nc3 33. Qg3+
1-0

[Event "Druzynowe Mistrzostwa Polski - I Liga 2018"]
[Site "Pokrzywna"]
[Date "1899-12-30"]
[Round "8.21"]
[White "Rawicz, Karol"]
[Black "Jaworski, Miroslaw"]
[Result "1/2-1/2"]
[WhiteTitle "FM"]
[BlackTitle "IM"]
[WhiteElo "2164"]
[BlackElo "2207"]

1. d4 Nf6 2. c4 e6 3. Nc3 Bb4 4. Qc2 O-O 5. a3 Bxc3+ 6. Qxc3 Qe8 7. Nf3 b6 8. g3
Bb7 9. Bg2 d6 10. O-O a5 11. b3 Nbd7 12. Bb2 Be4 13. Rfe1 c6 14. Rad1 d5 15. Nd2
Bxg2 16. Kxg2 a4 17. b4 b5 18. c5 Qd8 19. f3 Re8 20. e4 Nf8 21. e5 N6d7 22. Bc1
Ng6 23. f4 f5 24. Qf3 Ndf8 25. Rg1 Kf7 26. Qh5 Ke7 27. Nf3 Nh8 28. Kf2 Kd7 29.
Rdf1 Qe7 30. Bd2 Qf7 31. Qxf7+ Nxf7 32. h3 Ng6 33. g4 Ne7 34. Be1 g6 35. Ke3 fxg4
36. hxg4 h5 37. Bh4 Nh6 38. Bxe7 Nxg4+ 39. Rxg4 hxg4 40. Bf6 gxf3 41. Rh1 Kc8
42. Rh7 Rb8 43. Kxf3 Rb7 44. Rh6 Rg8 45. Kg4 Rf7 46. Kg5 Kd7 47. Rh3 1/2-1/2

[Event "Druzynowe Mistrzostwa Polski - I Liga 2018"]
[Site "Pokrzywna"]
[Date "1899-12-30"]
[Round "8.22"]
[White "Wieczorek, Zbigniew"]
[Black "Jaroch, Karol"]
[Result "0-1"]
[WhiteTitle "FM"]
[BlackTitle "m"]
[WhiteElo "2270"]
[BlackElo "2201"]

1. Nf3 e6 2. g3 Nf6 3. Bg2 b6 4. d3 Bb7 5. O-O Be7 6. e4 d5 7. Nbd2 c5 8. Re1 Nc6
9. b3 O-O 10. e5 Nd7 11. Bb2 Qc7 12. a3 Rfe8 13. Nf1 Bf8 14. Qe2 a5 15. a4 g6
16. N3d2 Nd4 17. Bxd4 cxd4 18. Nf3 Bb4 19. Nxd4 Ba6 20. Nd2 Nxe5 21. Rad1 Nd7
22. c4 Nc5 23. Qe3 Rad8 24. cxd5 Nxd3 25. Ne4 Bxe1 26. Nf6+ Kg7 27. Nxe8+ Rxe8
28. Rxe1 Nxe1 29. Qxe1 exd5 0-1

[Event "Druzynowe Mistrzostwa Polski - I Liga 2018"]
[Site "Pokrzywna"]
[Date "1899-12-30"]
[Round "8.23"]
[White "Worek, Joanna"]
[Black "Zemlickova, Olena"]
[Result "1-0"]
[WhiteTitle "WGM"]
[BlackTitle "WIM"]
[WhiteElo "2295"]
[BlackElo "2096"]

1. e4 d6 2. d4 Nf6 3. Nc3 e5 4. Nf3 Nbd7 5. Bc4 Be7 6. O-O O-O 7. a4 c6 8. h3 b6
9. Re1 a6 10. Bg5 Rb8 11. b4 b5 12. axb5 axb5 13. Bb3 Re8 14. Qd3 h6 15. Be3 exd4
16. Nxd4 Ne5 17. Qf1 Qc7 18. f4 Ng6 19. Qd3 Kf8 20. Nf5 Be6 21. Ra7 Qd8 22. Bxe6
fxe6 23. Nd4 Qc8 24. Rc7 Qa6 25. Nxe6+ Kg8 26. e5 Nxf4 27. Bxf4 Nh5 28. Qg6 dxe5
29. Bxe5 Bf6 30. Qf7+ Kh8 31. Bxf6 Rf8 1-0

[Event "Druzynowe Mistrzostwa Polski - I Liga 2018"]
[Site "Pokrzywna"]
[Date "1899-12-30"]
[Round "8.24"]
[White "Szwed, Jacek"]
[Black "Chojnacki, Krzysztof"]
[Result "1/2-1/2"]
[WhiteTitle "FM"]
[BlackTitle "IM"]
[WhiteElo "2397"]
[BlackElo "2362"]

1. e4 d6 2. g3 Nf6 3. Bg2 g6 4. d4 Bg7 5. Ne2 O-O 6. O-O e5 7. c4 Nc6 8. d5 Ne7
9. Nbc3 c6 10. h3 cxd5 11. cxd5 Nh5 12. Be3 f5 13. Qd2 Bd7 14. a4 Qc8 15. Bg5
Bf6 16. exf5 gxf5 17. Bxf6 Nxf6 18. f4 Qc5+ 19. Kh2 e4 20. Rfc1 Qf2 21. a5 a6
22. Nd1 Qa7 23. Ne3 Rac8 24. Nc4 Nexd5 25. Nxd6 Rxc1 26. Rxc1 Qf2 27. Qe1 Qe3
28. Nc4 Qa7 29. Ne5 Qe3 30. Nc4 Qa7 31. Ne5 Qe3 32. Nc4 1/2-1/2

[Event "Druzynowe Mistrzostwa Polski - I Liga 2018"]
[Site "Pokrzywna"]
[Date "1899-12-30"]
[Round "8.25"]
[White "Musialkiewicz, Pawel"]
[Black "Zylka, Stanislaw"]
[Result "0-1"]
[WhiteTitle "FM"]
[BlackTitle "FM"]
[WhiteElo "2247"]
[BlackElo "2327"]

1. d4 Nf6 2. c4 g6 3. g3 Bg7 4. Bg2 d5 5. cxd5 Nxd5 6. Nf3 O-O 7. O-O Nc6 8. e3
Nb6 9. Re1 e5 10. dxe5 Nxe5 11. Nxe5 Bxe5 12. f4 Bg7 13. e4 Qxd1 14. Rxd1 Bg4
15. Rd2 Rad8 16. e5 c6 17. h3 Be6 18. b3 f6 19. Bb2 fxe5 20. Bxe5 Bxe5 21. fxe5
Rd7 22. Rxd7 Nxd7 23. Nd2 Rf5 24. Ne4 Rxe5 25. Nd6 b6 26. Bxc6 Bxh3 27. Nb5 Nb8
28. Nxa7 Ra5 29. Kh2 Be6 30. Re1 Nxc6 31. Nxc6 Rxa2+ 32. Kg1 Bxb3 33. Rb1 Bc2
34. Rxb6 Be4 35. Ne7+ Kg7 36. Rb4 Ba8 37. g4 Kf6 38. Nc8 Kg5 39. Nb6 Bf3 40. Nd7
Re2 41. Rb5+ Kf4 42. Kf1 Rd2 43. Nf6 Kg3 44. Re5 h6 45. Ng8 Rh2 46. Ke1 Bxg4 47.
Nf6 Bf3 48. Re3 g5 49. Ra3 Re2+ 50. Kf1 Re6 51. Nh5+ Kg4 52. Ng7 Re7 53. Ra4+
Be4 54. Kf2 h5 55. Rb4 h4 56. Kg1 Rxg7 57. Rxe4+ Kf3 58. Ra4 Re7 0-1

[Event "Druzynowe Mistrzostwa Polski - I Liga 2018"]
[Site "Pokrzywna"]
[Date "1899-12-30"]
[Round "8.26"]
[White "Koziol, Kamil"]
[Black "Musialkiewicz, Jan"]
[Result "0-1"]
[WhiteTitle "FM"]
[BlackTitle "k+"]
[WhiteElo "2310"]
[BlackElo "2244"]

1. e4 c5 2. Nf3 d6 3. d4 cxd4 4. Nxd4 Nf6 5. Nc3 a6 6. f4 e5 7. Nf3 Nbd7 8. a4
Be7 9. Bd3 O-O 10. O-O exf4 11. Bxf4 Ne5 12. Nxe5 dxe5 13. Bxe5 Ng4 14. Bf4 Bc5+
15. Kh1 Nf2+ 16. Rxf2 Bxf2 17. Qf3 Bd4 18. Nd5 Be6 19. c3 Bc5 20. Rf1 Bxd5 21.
exd5 Bd6 22. Be3 g6 23. Bd4 f5 24. g3 Qd7 25. a5 Rac8 26. b4 Rfe8 27. g4 fxg4
28. Qf6 Be5 29. Bxe5 Qxd5+ 30. Kg1 Qxe5 31. Bc4+ Rxc4 32. Qf7+ Kh8 33. Qxc4 g3
34. h3 Rd8 35. Qf4 Qxc3 36. Qf6+ Qxf6 37. Rxf6 Kg7 38. Rb6 h5 39. Rxb7+ Kh6 40.
Kg2 h4 41. b5 axb5 42. Rxb5 Rd2+ 43. Kg1 Ra2 44. Rc5 g5 45. Rb5 Kg6 46. Rb6+ Kf7
47. Rb7+ Ke6 48. Rb6+ Kd7 49. Rb7+ Kc6 50. Rb6+ Kc7 51. Rb4 Rxa5 52. Rb2 Kd6 53.
Kg2 Ke5 54. Kf3 Kf5 55. Rb3 Ra2 56. Rb5+ Kg6 57. Kg4 Ra4+ 58. Kf3 Rf4+ 59. Kg2
Rf2+ 60. Kg1 Rh2 61. Rb6+ Kh5 62. Rb4 Rxh3 63. Rb1 Rh2 64. Ra1 Rb2 65. Rc1 h3
66. Ra1 Rg2+ 67. Kh1 Rf2 68. Kg1 h2+ 69. Kh1 g2+ 70. Kxh2 Rf1 0-1

[Event "Druzynowe Mistrzostwa Polski - I Liga 2018"]
[Site "Pokrzywna"]
[Date "1899-12-30"]
[Round "8.27"]
[White "Bardeli, Lukasz"]
[Black "Tomaszewski, Kacper"]
[Result "1/2-1/2"]
[WhiteTitle "FM"]
[BlackTitle "k++"]
[WhiteElo "2133"]
[BlackElo "2281"]

1. Nf3 Nf6 2. g3 d5 3. c4 c6 4. b3 dxc4 5. bxc4 e5 6. Nc3 e4 7. Ng5 Bf5 8. Bg2
Na6 9. f3 Bc5 10. fxe4 Ng4 11. exf5 Qxg5 12. d4 Qf6 13. e3 Bb4 14. Qc2 Bxc3+ 15.
Qxc3 Qxf5 16. Rf1 Qg6 17. Rf4 O-O 18. h3 Nf6 19. e4 Rfe8 20. e5 c5 21. d5 Rxe5+
22. Qxe5 Re8 23. Qxe8+ Nxe8 24. Rf3 Nb4 25. Kf1 Nc2 26. Rb1 Nd6 27. Rb2 Nd4 28.
Re3 h5 29. Rf2 N4f5 30. Re1 Nxg3+ 31. Kg1 Ngf5 32. Re5 Nd4 33. Kh2 f6 34. Re7
N4f5 35. Re6 Nxc4 36. Bf4 Nd4 37. Re7 f5 38. d6 Nxd6 39. Bd5+ Kf8 40. Rd7 Ne8
41. Rxb7 Ne6 42. Be5 f4 43. Bxf4 Nxf4 44. Rf7+ Qxf7 45. Bxf7 Nd3 46. Rf1 Nf6 47.
Bxh5 Ke7 48. Be2 Ne5 49. Rd1 Nc6 50. Bf3 Nd4 51. Kg3 Kd6 52. Kf4 a5 53. h4 Nd7
54. h5 Ne5 55. Be4 a4 56. Rd2 a3 57. Rg2 Ne6+ 58. Ke3 Nc4+ 59. Kf2 Ke5 60. Bh7
Nb2 61. Bg8 Nd3+ 62. Ke3 Ndf4 63. Rh2 Nd4 64. Bc4 Nf5+ 65. Kd2 Ng3 66. h6 gxh6
67. Rxh6 Kd4 68. Bd3 Nxd3 69. Rd6+ Kc4 70. Rxd3 Ne4+ 71. Kc2 Kb4 72. Rb3+ Ka4
73. Re3 Nd6 74. Kc3 Kb5 75. Re1 Kc6 76. Kb3 Nb5 77. Rh1 Kd5 78. Rh4 Nd4+ 79. Kxa3
Kc4 80. Kb2 Kb4 81. Rh8 Kc4 82. Rc8 Kb4 83. Rb8+ Kc4 84. Rb6 Kd3 85. Rh6 Kc4 86.
Rh3 Kb4 87. Rc3 c4 88. Rh3 Nb5 89. Rh4 Na3 90. Rh3 Nb5 91. a3+ Ka4 92. Rh8 c3+
93. Kc2 Kxa3 94. Rh4 Nc7 95. Kxc3 Nd5+ 96. Kd4 Nb6 97. Rh6 Na4 98. Kc4 Nb2+ 99.
Kc3 Na4+ 100. Kc4 Nb2+ 101. Kd4 Kb3 102. Rh8 Kc2 103. Rb8 Nd1 104. Rc8+ Kd2 105.
Rh8 Ke2 106. Rh2+ 1/2-1/2

[Event "Druzynowe Mistrzostwa Polski - I Liga 2018"]
[Site "Pokrzywna"]
[Date "1899-12-30"]
[Round "8.28"]
[White "Wolynski, Krzysztof"]
[Black "Raczynski, Krzysztof"]
[Result "0-1"]
[WhiteTitle "I++"]
[BlackTitle "k+"]
[WhiteElo "2103"]
[BlackElo "2091"]

1. d4 d6 2. Nf3 Nf6 3. c4 g6 4. Nc3 Bf5 5. Ng5 Bg7 6. e4 Bd7 7. Be2 e5 8. Nf3 Nc6
9. d5 Ne7 10. O-O O-O 11. a4 a5 12. Ne1 Ne8 13. Nd3 f5 14. f3 c5 15. dxc6 bxc6
16. b3 Nc7 17. Ba3 c5 18. Nb5 Ra6 19. Nf2 Bc8 20. Bc1 Ne6 21. Qe1 Nc6 22. Bd1
Ned4 23. Bd2 Be6 24. Rc1 Rf7 25. Nd3 Ra8 26. Rb1 Qf8 27. Nc1 h5 28. Ne2 Kh7 29.
Nec3 Bh6 30. Be3 Bxe3+ 31. Qxe3 f4 32. Qe1 g5 33. Nd5 Qd8 34. Rb2 Rg7 35. Qd2
Kh8 36. Kf2 Rb8 37. Ke1 Rbb7 38. h3 Rh7 39. Qf2 Rbg7 40. Kd2 Rh6 41. Kc3 g4 42.
hxg4 hxg4 43. Qe1 g3 44. Rh1 Rgh7 45. Rxh6 Rxh6 46. Be2 Rh2 47. Bf1 Rh1 48. Ndc7
Bc8 49. Rd2 Kg8 50. Kb2 Kf7 51. Qb1 Be6 52. Rd1 Rh2 53. Kc3 Nb4 54. Nxe6 Kxe6
55. Rd2 Qh8 56. Nc7+ Kd7 57. Nd5 Nxf3 58. Qd1 Nxd2 59. Qg4+ Kc6 60. Ne7+ Kc7 61.
Kxd2 Qd8 62. Qg7 Qd7 63. Ke2 Rh4 64. Qf8 Rh7 65. Nf5 Qd8 66. Qxd8+ Kxd8 67. Nxd6
Rd7 68. Nf5 Rd3 69. Ke1 Rxb3 70. Be2 Nc2+ 0-1

[Event "Druzynowe Mistrzostwa Polski - I Liga 2018"]
[Site "Pokrzywna"]
[Date "1899-12-30"]
[Round "8.29"]
[White "Szelag, Zuzanna"]
[Black "Kucharska, Honorata"]
[Result "0-1"]
[WhiteTitle "k"]
[BlackTitle "WFM"]
[WhiteElo "2015"]
[BlackElo "2045"]

1. e4 d6 2. d4 Nf6 3. Nc3 e5 4. Nf3 Nbd7 5. g4 Nxg4 6. Rg1 Ngf6 7. Bc4 h6 8. Be3
c6 9. dxe5 dxe5 10. Qd3 b5 11. Bb3 Qa5 12. O-O-O Ba6 13. Nd2 O-O-O 14. Bxf7 Nc5
15. Qf1 Kb8 16. Bxc5 Bxc5 17. Nb3 Qb6 18. Nxc5 Qxc5 19. Rxg7 Rd4 20. Rg6 Qe7 21.
Bb3 Rhd8 22. f4 Rxd1+ 23. Nxd1 Qd6 24. c3 exf4 25. Rxh6 f3 26. Rh3 Qf4+ 27. Kb1
Nxe4 28. Ka1 Qc1# 0-1

[Event "Druzynowe Mistrzostwa Polski - I Liga 2018"]
[Site "Pokrzywna"]
[Date "1899-12-30"]
[Round "9.1"]
[White "Chojnacki, Krzysztof"]
[Black "Jakubiec, Artur"]
[Result "1/2-1/2"]
[WhiteTitle "IM"]
[BlackTitle "GM"]
[WhiteElo "2362"]
[BlackElo "2514"]

1. d4 d6 2. e4 Nf6 3. Nc3 Nbd7 4. f4 e5 5. Nf3 exd4 6. Qxd4 c6 7. Be3 d5 8. e5
Bc5 9. Qd2 Bxe3 10. Qxe3 Ng4 11. Qd2 Qb6 12. O-O-O Nc5 13. Nd4 Nh6 14. Be2 Nf5
15. g4 Nxd4 16. Qxd4 h5 17. f5 Bd7 18. e6 fxe6 19. f6 gxf6 20. Qxf6 Rf8 21. Qg5
Qd8 22. Qxh5+ Ke7 23. b4 Na6 24. Bxa6 bxa6 25. Rhe1 Rf7 26. Qg5+ Kf8 27. Qh6+
Kg8 28. Re5 Rh7 29. Qg6+ Rg7 30. Qh6 Rh7 31. Qg6+ Rg7 32. Qh6 Rh7 33. Qg6+ 1/2-1/2

[Event "Druzynowe Mistrzostwa Polski - I Liga 2018"]
[Site "Pokrzywna"]
[Date "1899-12-30"]
[Round "9.2"]
[White "Marczuk, Dominik"]
[Black "Musialkiewicz, Pawel"]
[Result "1/2-1/2"]
[WhiteTitle "k"]
[BlackTitle "FM"]
[WhiteElo "2293"]
[BlackElo "2247"]

1. e4 e6 2. d3 d5 3. Nd2 c5 4. Ngf3 Nc6 5. g3 g6 6. Bg2 Bg7 7. O-O Nge7 8. Re1
O-O 9. e5 Qc7 10. Qe2 g5 11. Nxg5 Qxe5 12. Qxe5 Nxe5 13. Nb3 c4 14. dxc4 Nxc4
15. c3 b6 16. f4 a5 17. a4 Bd7 18. Nd4 Rfc8 19. Ngf3 Nd6 20. Ne5 Be8 21. Bh3 Rc7
22. Be3 Rb8 23. Bf1 Ng6 24. Nef3 Bd7 25. Bd3 Nc4 26. Bc1 Rcc8 27. b3 Nd6 28. Bd2
Ne7 29. Ne5 Be8 30. g4 Nb7 31. g5 Nc5 32. Bc2 Bxe5 33. Rxe5 Ng6 34. Ree1 Bd7 35.
Kg2 Nb7 36. f5 exf5 37. h4 Nxh4+ 38. Kg3 Ng6 39. Nxf5 Bxf5 40. Bxf5 Re8 41. Bf4
1/2-1/2

[Event "Druzynowe Mistrzostwa Polski - I Liga 2018"]
[Site "Pokrzywna"]
[Date "1899-12-30"]
[Round "9.3"]
[White "Musialkiewicz, Jan"]
[Black "Chmiel, Marcin"]
[Result "0-1"]
[WhiteTitle "k+"]
[BlackTitle "k"]
[WhiteElo "2244"]
[BlackElo "2237"]

1. e4 c5 2. Nf3 e6 3. c4 a6 4. Nc3 d6 5. d4 cxd4 6. Nxd4 Qc7 7. Be2 Nf6 8. O-O
Be7 9. Be3 Nbd7 10. Rc1 O-O 11. f3 b6 12. Qd2 Bb7 13. Rfd1 Rac8 14. Bf1 Rfe8 15.
Kh1 Qb8 16. Qf2 Bd8 17. Qg1 Bc7 18. b4 Ne5 19. Nb3 Ba8 20. c5 bxc5 21. Bxa6 c4
22. Nd4 Bb7 23. Bb5 Red8 24. Rb1 d5 25. f4 Nd3 26. e5 Bxe5 27. fxe5 Qxe5 28. h3
Nh5 29. Nce2 Qe4 30. Nf3 e5 31. Nc3 Qf5 32. Ne2 d4 33. Rf1 Qe4 34. Ng5 Qd5 35.
a4 dxe3 36. Kh2 Nhf4 0-1

[Event "Druzynowe Mistrzostwa Polski - I Liga 2018"]
[Site "Pokrzywna"]
[Date "1899-12-30"]
[Round "9.4"]
[White "Gbyl, Andrzej"]
[Black "Bardeli, Lukasz"]
[Result "1-0"]
[WhiteTitle "k+"]
[BlackTitle "FM"]
[WhiteElo "2248"]
[BlackElo "2133"]

1. d4 d5 2. c4 c6 3. Nf3 Nf6 4. Nc3 a6 5. e3 b5 6. b3 Bg4 7. Qc2 Bxf3 8. gxf3 e6
9. Bd3 Nbd7 10. f4 g6 11. c5 Bg7 12. Bb2 Ng4 13. Ne2 Bf6 14. h3 Nh6 15. a3 Nf5
16. Ng1 Nh4 17. O-O-O O-O 18. Kb1 Bg7 19. Qe2 Qf6 20. Rc1 Qe7 21. Qg4 Kh8 22.
Ne2 a5 23. f3 Nf5 24. Qg1 Qh4 25. Rc2 a4 26. b4 Nh6 27. Bc3 Rae8 28. Be1 Qe7 29.
h4 f6 30. e4 e5 31. exd5 Qf7 32. Bc3 Qxd5 33. Be4 Qe6 34. dxe5 fxe5 35. h5 Nf6
36. hxg6 Nxe4 37. fxe4 Qxg6 38. Qxg6 hxg6 39. fxe5 Kg8 40. Nd4 Rf4 41. Nxc6 Ng4
42. Rg2 Rxe4 43. Rh4 Nf2 44. Rxe4 Nxe4 45. Bb2 Kf7 46. Kc2 Bh6 47. Kd3 Ng5 48.
Bc1 Nf3 49. Rf2 Bxc1 50. Rxf3+ Kg7 51. Ke4 1-0

[Event "Druzynowe Mistrzostwa Polski - I Liga 2018"]
[Site "Pokrzywna"]
[Date "1899-12-30"]
[Round "9.5"]
[White "Raczynski, Krzysztof"]
[Black "Bukojemski, Adam"]
[Result "1/2-1/2"]
[WhiteTitle "k+"]
[BlackTitle "k"]
[WhiteElo "2091"]
[BlackElo "2222"]

1. e4 c5 2. Nf3 e6 3. d4 cxd4 4. Nxd4 Nc6 5. Nc3 Qc7 6. g3 a6 7. Bg2 Nf6 8. O-O
Nxd4 9. Qxd4 Bc5 10. Bf4 d6 11. Qd2 h6 12. Rad1 e5 13. Be3 Be6 14. Bxc5 dxc5 15.
Nd5 Bxd5 16. exd5 Qd6 17. f4 O-O 18. fxe5 Qxe5 19. d6 Qxb2 20. c4 Qxd2 21. Rxd2
Rab8 22. a4 Nd7 23. Rb1 Ne5 24. Bd5 Rfd8 25. Rb6 Kf8 26. Rdb2 Nd3 27. Rd2 Ne5
28. Rdb2 Nd3 29. Rb1 Nb4 30. Rd1 Nxd5 31. Rxd5 Rbc8 32. Rxb7 Rc6 33. d7 Ke7 34.
a5 Rd6 35. Re5+ Re6 36. Rd5 Rd6 37. Re5+ Re6 38. Rd5 1/2-1/2

[Event "Druzynowe Mistrzostwa Polski - I Liga 2018"]
[Site "Pokrzywna"]
[Date "1899-12-30"]
[Round "9.6"]
[White "Jakubiec, Edyta"]
[Black "Szelag, Zuzanna"]
[Result "1-0"]
[WhiteTitle "WIM"]
[BlackTitle "k"]
[WhiteElo "2153"]
[BlackElo "2015"]

1. e4 c5 2. Ne2 d6 3. g3 g6 4. Bg2 Bg7 5. c3 Nf6 6. d4 cxd4 7. cxd4 O-O 8. Nbc3
Nc6 9. O-O Bd7 10. h3 Qc7 11. Be3 Rfc8 12. Qd2 a6 13. Rac1 Qa5 14. f4 Qh5 15.
e5 Ne8 16. g4 Qh4 17. Nd5 e6 18. Nb6 Qd8 19. Nxa8 Rxa8 20. Ng3 d5 21. f5 Na5 22.
b3 Qb6 23. Qf2 Bb5 24. fxg6 fxg6 25. Qf7+ Kh8 26. Rfe1 Rd8 27. h4 Bc6 28. h5 Qc7
29. Qxc7 Nxc7 30. Bd2 1-0

[Event "Druzynowe Mistrzostwa Polski - I Liga 2018"]
[Site "Pokrzywna"]
[Date "1899-12-30"]
[Round "9.7"]
[White "Mroziak, Maciej"]
[Black "Szwed, Jacek"]
[Result "0-1"]
[WhiteTitle "IM"]
[BlackTitle "FM"]
[WhiteElo "2386"]
[BlackElo "2397"]

1. e4 e6 2. d3 c5 3. g3 Nc6 4. Bg2 g6 5. Nf3 Bg7 6. O-O Nge7 7. c3 e5 8. Be3 d6
9. Qd2 O-O 10. Bh6 f5 11. Bxg7 Kxg7 12. Na3 f4 13. d4 cxd4 14. cxd4 Bg4 15. d5
Bxf3 16. dxc6 Bxg2 17. cxb7 Bxe4 18. bxa8=Q Bxa8 19. Nb5 Nf5 20. Qc3 Rf7 21. Rac1
fxg3 22. hxg3 Qb6 23. Nc7 Nd4 24. Nxa8 Qb7 25. Qc8 Qf3 26. Nc7 Ne2+ 27. Kh2 Rf5
28. Ne8+ Kh6 29. Rc4 Rh5+ 30. Rh4 Rxh4+ 31. gxh4 Nf4 32. Rg1 Qxf2+ 33. Kh1 Qxh4+
34. Nc7 Kg7+ 0-1

[Event "Druzynowe Mistrzostwa Polski - I Liga 2018"]
[Site "Pokrzywna"]
[Date "1899-12-30"]
[Round "9.8"]
[White "Zylka, Stanislaw"]
[Black "Kolago, Marcin"]
[Result "1/2-1/2"]
[WhiteTitle "FM"]
[BlackTitle "m"]
[WhiteElo "2327"]
[BlackElo "2356"]

1. d4 d6 2. e4 Nf6 3. Nc3 e5 4. Nf3 exd4 5. Qxd4 Nc6 6. Bb5 Bd7 7. Bxc6 Bxc6 8.
Bg5 Be7 9. O-O-O O-O 10. Rhe1 Nd7 11. Bxe7 Qxe7 12. Qd2 Rfe8 13. Nd4 Nc5 14. f3
Qf6 15. Kb1 a5 16. Nf5 Na4 17. Nxa4 Bxa4 18. g4 Bd7 19. Nd4 a4 20. a3 h6 21. Rg1
Re5 22. Nf5 Rb5 23. Nd4 Re5 24. Nf5 Rb5 25. Nd4 Re5 26. Nf5 1/2-1/2

[Event "Druzynowe Mistrzostwa Polski - I Liga 2018"]
[Site "Pokrzywna"]
[Date "1899-12-30"]
[Round "9.9"]
[White "Wiewiora, Eneasz"]
[Black "Koziol, Kamil"]
[Result "1/2-1/2"]
[WhiteTitle "FM"]
[BlackTitle "FM"]
[WhiteElo "2355"]
[BlackElo "2310"]

1. d4 Nf6 2. g3 g6 3. Bg2 d5 4. Nf3 Bg7 5. O-O O-O 6. c4 dxc4 7. Na3 c3 8. bxc3
c5 9. Re1 Ne4 10. Bb2 Nc6 11. Qc2 f5 12. Rad1 Qb6 13. e3 Bd7 14. Nc4 Qc7 15. d5
Na5 16. Ncd2 Nd6 17. Ng5 Nac4 18. Nxc4 Nxc4 19. Qb3 Nd6 20. Ne6 Bxe6 21. dxe6
Rab8 22. Bd5 b5 23. h4 a5 24. h5 c4 25. Qc2 b4 26. hxg6 hxg6 27. Kg2 Rb5 28. Bf3
Qc8 29. Qa4 Qa6 30. Rh1 Rd8 31. Rh4 Rc8 32. Ba1 1/2-1/2

[Event "Druzynowe Mistrzostwa Polski - I Liga 2018"]
[Site "Pokrzywna"]
[Date "1899-12-30"]
[Round "9.10"]
[White "Tomaszewski, Kacper"]
[Black "Rawicz, Karol"]
[Result "0-1"]
[WhiteTitle "k++"]
[BlackTitle "FM"]
[WhiteElo "2281"]
[BlackElo "2164"]

1. d4 d6 2. Nf3 Bg4 3. Nbd2 g6 4. h3 Bxf3 5. Nxf3 Nf6 6. Bf4 Bg7 7. e3 c5 8. c3
Nbd7 9. Be2 O-O 10. O-O Qb6 11. Rb1 d5 12. Ne5 Rfd8 13. Bf3 Rac8 14. g4 Nxe5 15.
Bxe5 Ne8 16. Bg3 e6 17. h4 Nd6 18. Be2 Qc6 19. h5 Ne4 20. Bh2 b5 21. f3 Nd6 22.
Bd3 b4 23. Qe2 bxc3 24. bxc3 Rb8 25. Bf4 Rb6 26. Qh2 cxd4 27. cxd4 Qc3 28. Rxb6
axb6 29. Rd1 Nc4 30. Bxc4 dxc4 31. h6 Bf6 32. g5 Be7 33. Rf1 Rd5 34. Kh1 Qd3 35.
Rg1 c3 36. Qg3 c2 37. e4 Rxd4 38. Bc1 Bd6 39. e5 Ba3 40. Qf2 Bxc1 41. Rxc1 Qd1+
42. Kg2 Rd2 0-1

[Event "Druzynowe Mistrzostwa Polski - I Liga 2018"]
[Site "Pokrzywna"]
[Date "1899-12-30"]
[Round "9.11"]
[White "Jaroch, Karol"]
[Black "Walach, Marcin"]
[Result "1/2-1/2"]
[WhiteTitle "m"]
[BlackTitle "FM"]
[WhiteElo "2201"]
[BlackElo "2324"]

1. e4 e5 2. Nf3 Nc6 3. Bc4 Bc5 4. d3 Nf6 5. Nc3 a6 6. Nd5 h6 7. Be3 Bxe3 8. fxe3
O-O 9. O-O d6 10. Nxf6+ Qxf6 11. Qe1 Qe7 12. Nh4 Kh7 13. Nf5 Qd8 14. Qg3 Qg5 15.
a3 Qxg3 16. Nxg3 Be6 17. Bxe6 fxe6 18. Rxf8 Rxf8 19. Rf1 Rxf1+ 20. Kxf1 Kg6 21.
Kf2 Kf6 22. Ke2 g6 23. Nf1 d5 24. Nd2 b6 25. c3 Ne7 26. exd5 exd5 27. e4 dxe4
28. Nxe4+ Kf5 29. Kf3 h5 30. Ng3+ Ke6 1/2-1/2

[Event "Druzynowe Mistrzostwa Polski - I Liga 2018"]
[Site "Pokrzywna"]
[Date "1899-12-30"]
[Round "9.12"]
[White "Kucharska, Honorata"]
[Black "Worek, Joanna"]
[Result "1/2-1/2"]
[WhiteTitle "WFM"]
[BlackTitle "WGM"]
[WhiteElo "2045"]
[BlackElo "2295"]

1. e4 c5 2. Nf3 Nc6 3. Bb5 g6 4. O-O Bg7 5. c3 d6 6. d4 cxd4 7. cxd4 a6 8. Bxc6+
bxc6 9. h3 Nf6 10. Nc3 O-O 11. Bg5 h6 12. Be3 Rb8 13. b3 a5 14. Rc1 Ba6 15. Re1
Nd7 16. Qd2 Kh7 17. Na4 Bb7 18. Bf4 Nf6 19. Qc2 Rc8 20. Bd2 Re8 21. Qd3 Nd7 22.
Be3 Nb6 23. Nxb6 Qxb6 24. e5 Qb5 25. Qc4 Kg8 26. Bd2 Qb6 27. Qa4 Ra8 28. exd6
exd6 29. Rxe8+ Rxe8 30. Bxa5 Qa7 31. Bc7 Qxa4 32. bxa4 c5 33. dxc5 dxc5 34. Rxc5
Re2 35. Bg3 Rxa2 36. a5 Bf6 37. Ne5 h5 38. h4 Ra4 39. Rb5 Be4 40. Nd7 Bd4 41.
Be5 1/2-1/2

[Event "Druzynowe Mistrzostwa Polski - I Liga 2018"]
[Site "Pokrzywna"]
[Date "1899-12-30"]
[Round "9.13"]
[White "Wandzik, Wojciech"]
[Black "Markowski, Tomasz"]
[Result "1/2-1/2"]
[WhiteTitle "m"]
[BlackTitle "GM"]
[WhiteElo "2417"]
[BlackElo "2546"]

1. e4 c5 2. Nf3 e6 3. d4 cxd4 4. Nxd4 a6 5. Bd3 Nf6 6. O-O d6 7. c4 Nc6 8. Nxc6
bxc6 9. Nc3 Be7 10. Qe2 O-O 11. Rd1 Qc7 12. Be3 c5 13. Bf4 Nd7 14. Bc2 Ne5 15.
Ba4 Bf6 16. Rd2 Rd8 17. Rad1 Rb8 18. Bg3 Bb7 19. Kh1 h6 20. h3 Ba8 21. b3 Qa5
22. Nb1 Qb6 23. Kh2 Qc7 24. Kh1 Rb6 25. Nc3 Rbb8 26. Kh2 Qe7 27. Kh1 Ng6 28. Qf3
Bd4 29. Ne2 Be5 30. Bxe5 Nxe5 31. Qf4 Qc7 32. f3 Ng6 33. Qg3 e5 34. Nc3 Nf4 35.
Nd5 Bxd5 36. cxd5 Qe7 37. Qf2 Rf8 38. Qf1 Rb6 39. Bc6 f5 40. exf5 Rxf5 41. Re1
Nh5 42. Kg1 Nf6 43. Qc4 Qa7 44. Qc3 Rb4 45. Kh2 Qb6 46. Qc2 Rff4 47. Qg6 Qa7 48.
Ree2 Qf7 49. Qd3 Rb6 50. Qc3 Rfb4 51. Kg1 Qg6 52. Re1 Qg3 53. Rb1 Rb8 54. Qd3
Qg5 55. Rbd1 e4 56. fxe4 Nxe4 57. Re2 Rd4 58. Qxd4 cxd4 59. Rxe4 d3 60. Rxd3 Qc1+
61. Kh2 Qc2 62. Rde3 Rf8 1/2-1/2